| 000 | 00796 a2200217 4500 | ||
|---|---|---|---|
| 005 | 2008082604154.0 | ||
| 008 | 080826t xxu||||| |||| 00| 0 eng d | ||
| 010 | _aENG-87236 | ||
| 020 |
_a9788184500196 _c1090.00 |
||
| 035 | _aEN-70769 | ||
| 037 | _bDBAD / PUB | ||
| 082 | _a332.170954 | ||
| 100 | _aSharma, K.C. | ||
| 245 |
_aModern banking in India _cby K..C. Sharma |
||
| 260 |
_aNew Delhi _bDeep & Deep Publications _c2007 |
||
| 270 |
_aF-159, Rajouri Garden _bNew Delhi _e110 027 |
||
| 300 |
_axxx, 362p. _c22cm (Hb ) |
||
| 500 | _aIncludes index | ||
| 942 |
_adpl _cEN _k332.170954 / SHA _2ddc _h332.170954 _mSHA |
||
| 999 |
_c6258 _d6258 |
||